Generator Puzzle #37 - Statistics

General Stats
  • This quiz has been taken 783 times
  • The average score is 11 of 21
Answer Stats
Hint Answer % Correct
Black crow Raven
92%
Army retiree Veteran
85%
Pre-Christmas time Advent
82%
Artificial teeth Denture
82%
"Inferno" poet Dante
76%
Bed cover Duvet
76%
Always...not! Never
76%
Colorado city Denver
67%
Alehouse Tavern
65%
9-Letter Word ADVENTURE
64%
Put up with Endure
42%
Flora and fauna Nature
42%
Church's central part Nave
42%
Lush, green Verdant
42%
Time in office Tenure
37%
Truth alternative? Dare
27%
Poet W. H. Auden
23%
Chopin exercise Etude
21%
WWI battle site Verdun
16%
Eager, enthusiastic Ardent
15%
Mountain ridge Arete
10%
No matching quizzes found
Score Distribution
Percent of People with Each Score
Percentile by Number Answered
Your Score History
You have not taken this quiz